Retracción del concreto fabricado con cemento y agregados de Costa Rica
Salvato in:
| Autore principale: | |
|---|---|
| Natura: | Libro |
| Pubblicazione: |
[San José, Costa Rica]
2003
|
| Soggetti: | |
| Tags: |
Aggiungi Tag
Nessun Tag, puoi essere il primo ad aggiungerne!!
|
MARC
| LEADER | 00000nam a2200000Ia 4500 | ||
|---|---|---|---|
| 003 | 009254 | ||
| 005 | 20221231144144.0 | ||
| 008 | 140114s2003 cr a m 000 ||s d | ||
| 040 | |c cru CEDI | ||
| 090 | |a TFG 4794 | ||
| 100 | |a Monge Víquez, Jorge Arturo |9 6794 | ||
| 245 | |a Retracción del concreto fabricado con cemento y agregados de Costa Rica | ||
| 260 | |c 2003 |a [San José, Costa Rica] | ||
| 300 | |a xiii, 214 páginas : ilustraciones a color | ||
| 500 | |a Proyecto de graduación (licenciatura en ingeniería civil)--Universidad de Costa Rica, Facultad de Ingeniería, Escuela de Ingeniería Civil | ||
| 650 | |x HORMIGON |x FABRICACION |x MEZCLAS |x SECADO |x COSTA RICA |9 6795 | ||
| 942 | |c TFG | ||
| 999 | |c 17689 |d 17689 | ||
